"Europa (l’) cristiana nel rapporto con le altre culture nel secolo XVII Atti del convegno di studio di S. Margherita Ligure (19-21 maggio 1977)." (Record n. 27052)
[ formato base ]
| 000 -LEADER | |
|---|---|
| fixed length control field | 00593nam a2200229Ia 4500 |
| 003 - CONTROL NUMBER IDENTIFIER | |
| control field | IT-RoPAU |
| 008 - FIXED-LENGTH DATA ELEMENTS--GENERAL INFORMATION | |
| fixed length control field | 120407s9999 xx 000 0 und d |
| 040 ## - CATALOGING SOURCE | |
| Original cataloging agency | IT-RoPAU |
| 040 ## - CATALOGING SOURCE | |
| Transcribing agency | IT-RoPAU |
| 041 ## - LANGUAGE CODE | |
| Language code of text/sound track or separate title | ita |
| 100 ## - MAIN ENTRY--PERSONAL NAME | |
| Personal name | Dino Pastine |
| 245 ## - TITLE STATEMENT | |
| Title | "Europa (l’) cristiana nel rapporto con le altre culture nel secolo XVII Atti del convegno di studio di S. Margherita Ligure (19-21 maggio 1977)." |
| 250 ## - EDITION STATEMENT | |
| Edition statement | Firenze |
| 260 ## - PUBLICATION, DISTRIBUTION, ETC. (IMPRINT) | |
| Place of publication, distribution, etc. | La Nuova Italia |
| 260 ## - PUBLICATION, DISTRIBUTION, ETC. (IMPRINT) | |
| Date of publication, distribution, etc. | 1978 |
| 300 ## - PHYSICAL DESCRIPTION | |
| Extent | 172 p. |
| 300 ## - PHYSICAL DESCRIPTION | |
| Dimensions | 24 cm |
| 490 ## - SERIES STATEMENT | |
| Series statement | Studi |
| 490 ## - SERIES STATEMENT | |
| Volume/sequential designation | 12 |
| 942 ## - ADDED ENTRY ELEMENTS (KOHA) | |
| Koha item type | LIBRO |
| Withdrawn status | Lost status | Source of classification or shelving scheme | Damaged status | Not for loan | Home library | Current library | Date acquired | Total Checkouts | Full call number | Date last seen | Price effective from | Koha item type | Public note |
|---|---|---|---|---|---|---|---|---|---|---|---|---|---|
| Dewey Decimal Classification | Buone Condizioni | Not For Loan | PAULUS-BIBLIOTECA | PAULUS-BIBLIOTECA | 11/04/2012 | 270.4.30 | 11/04/2012 | 11/04/2012 | LIBRO | Inserito da: Mario In data: 19 settembre 2011 fondo: Via A.Severo 56 Progr:8382 |